[Event "Niederoesterreich Landesliga 1819"]
[Site "Austria"]
[Date "2019.02.17"]
[Round "8.4"]
[White "Hajek, Oskar"]
[Black "Geismann, Bernhard"]
[Result "1-0"]
[WhiteElo "2147"]
[BlackElo "2038"]
[PlyCount "27"]
[EventDate "2018.09.30"]
[EventType "team-tourn"]
[EventRounds "11"]
[EventCountry "AUT"]
[SourceTitle "CBM 189 Extra"]
[Source "ChessBase"]
[SourceDate "2019.06.03"]
[SourceVersion "1"]
[SourceVersionDate "2019.06.03"]
[SourceQuality "1"]
[WhiteTeam "Mistelbach/Altlichtenwarth"]
[BlackTeam "Baden Invest"]
[WhiteTeamCountry "AUT"]
[BlackTeamCountry "AUT"]

1. e4 e5 2. Nf3 Nc6 3. Bb5 a6 4. Bxc6 dxc6 5. Nc3 f6 6. d4 exd4 7. Qxd4 Qxd4 8. Nxd4 Bb4 9. Bf4 Bd6 10. Be3 Bd7 11. 0-0-0 c5 12. Nb3 b6 13. Nd5 Ne7 14. Nxb6 1-0

[Event "Niederoesterreich Landesliga 1819"]
[Site "Austria"]
[Date "2019.01.27"]
[Round "7.2"]
[White "Geismann, Bernhard"]
[Black "Vyskocil, Neklan"]
[Result "1/2-1/2"]
[WhiteElo "2038"]
[BlackElo "2315"]
[PlyCount "127"]
[EventDate "2018.09.30"]
[EventType "team-tourn"]
[EventRounds "11"]
[EventCountry "AUT"]
[SourceTitle "CBM 189 Extra"]
[Source "ChessBase"]
[SourceDate "2019.06.03"]
[SourceVersion "1"]
[SourceVersionDate "2019.06.03"]
[SourceQuality "1"]
[WhiteTeam "Baden Invest"]
[BlackTeam "Zwettl"]
[WhiteTeamCountry "AUT"]
[BlackTeamCountry "AUT"]

1. Nc3 c5 2. Nf3 g6 3. d4 cxd4 4. Nxd4 Bg7 5. Bg5 Nc6 6. Ndb5 Kf8 7. e3 a6 8. Nd4 Nxd4 9. exd4 Qb6 10. Be3 Qxb2 11. Nd5 Qa3 12. Qd2 Nf6 13. Nxf6 Bxf6 14. Bh6+ Kg8 15. Be2 d5 16. 0-0 Bg7 17. c4 e6 18. Rfe1 Qf8 19. Bf4 dxc4 20. Bf3 Qd8 21. Rad1 h5 22. Qc2 Qf6 23. Be5 Qe7 24. Qxc4 Bxe5 25. dxe5 Kg7 26. Rd6 b5 27. Qd4 Ra7 28. Bc6 h4 29. Rd1 Rc7 30. f4 Bb7 31. Bxb7 Rxb7 32. Rxa6 Rc8 33. Qd6 Qc7 34. Qxc7 Rbxc7 35. Rad6 Rc4 36. R6d4 Rxd4 37. Rxd4 Rc1+ 38. Kf2 Rc2+ 39. Kf3 Rxa2 40. Rb4 h3 41. gxh3 Ra5 42. Kg3 Kf8 43. Kg4 Ke7 44. Kg5 Kd7 45. Rb1 Kc6 46. h4 Ra2 47. Rc1+ Kb6 48. Kf6 Ra7 49. h5 gxh5 50. h4 b4 51. Kg5 Ra2 52. Kf6 Rf2 53. Kxf7 Rxf4+ 54. Kxe6 Rxh4 55. Kd5 Rh2 56. Kd6 Rd2+ 57. Ke7 Kb5 58. Rh1 b3 59. Rxh5 b2 60. e6+ Kc4 61. Rh1 Rc2 62. Rb1 Kb3 63. Kd8 Rd2+ 64. Kc8 1/2-1/2

[Event "Niederoesterreich Landesliga 1718"]
[Site "Austria"]
[Date "2018.03.04"]
[Round "9.4"]
[White "Kadletz, Karl"]
[Black "Geismann, Bernhard"]
[Result "0-1"]
[WhiteElo "1925"]
[BlackElo "2070"]
[PlyCount "128"]
[EventDate "2017.10.01"]
[EventType "team-tourn"]
[EventRounds "11"]
[EventCountry "AUT"]
[SourceTitle "EXT 2019"]
[Source "ChessBase"]
[SourceDate "2018.10.10"]
[SourceVersion "1"]
[SourceVersionDate "2018.10.10"]
[SourceQuality "1"]
[WhiteTeam "Bisamberg/Korneuburg"]
[BlackTeam "Baden Invest II"]
[WhiteTeamCountry "AUT"]
[BlackTeamCountry "AUT"]

1. Nf3 Nc6 2. g3 e5 3. d3 d5 4. Bg2 Nf6 5. 0-0 Be7 6. Nbd2 0-0 7. e4 dxe4 8. dxe4 Bc5 9. Qe2 Qe7 10. c3 a5 11. h3 b6 12. a4 Ba6 13. Nc4 Ne8 14. b3 Nd6 15. Nfd2 Qe6 16. Ba3 Bxa3 17. Rxa3 b5 18. axb5 Nxb5 19. Raa1 Nxc3 20. Qe3 Nd4 21. Rfe1 Ncb5 22. Rac1 Bb7 23. Nb1 a4 24. bxa4 Rxa4 25. Nca3 Nxa3 26. Nxa3 Rfa8 27. Nc2 c5 28. Qc3 Ra2 29. Bf1 Rxc2 30. Rxc2 Nxc2 31. Qxc2 Rc8 32. Bc4 Qe7 33. Rd1 Bc6 34. f3 Rd8 35. Kf2 Rd4 36. Bd5 Bxd5 37. exd5 Qd6 38. Rxd4 exd4 39. Qe4 g6 40. f4 f6 41. Qe8+ Kg7 42. Qc6 Qe7 43. d6 Qe3+ 44. Kf1 d3 45. Qb7+ Kh6 46. Qe7 d2 47. Qxe3 d1Q+ 48. Kf2 Qxd6 49. f5+ Kg7 50. fxg6 hxg6 51. Qe4 f5 52. Qb7+ Kf6 53. Qc8 Ke5 54. Qe8+ Kd5 55. Qg8+ Kd4 56. Qg7+ Kd3 57. Qb7 Qd4+ 58. Kf1 c4 59. Qa6 Qe4 60. Qxg6 Qf3+ 61. Kg1 c3 62. Qd6+ Ke2 63. Qa6+ Kd2 64. Qd6+ Qd3 0-1

[Event "Mittelrhein Verbandsliga Ost 1314"]
[Site "Mittelrhein"]
[Date "2014.04.06"]
[Round "9.3"]
[White "Vandenbergen, Nicolas"]
[Black "Geismann, Bernhard"]
[Result "1/2-1/2"]
[WhiteElo "2016"]
[BlackElo "1963"]
[PlyCount "88"]
[EventDate "2013.09.15"]
[EventType "team-tourn"]
[EventRounds "11"]
[EventCountry "GER"]
[SourceTitle "EXT 2023"]
[Source "ChessBase"]
[SourceDate "2022.10.05"]
[SourceVersion "1"]
[SourceVersionDate "2022.10.05"]
[SourceQuality "1"]
[WhiteTeam "Euskirchen Turm"]
[BlackTeam "Bonn Empor Maulwurf"]
[WhiteTeamCountry "GER"]
[BlackTeamCountry "GER"]

1. d4 Nf6 2. c4 c5 3. d5 b5 4. cxb5 a6 5. Nc3 axb5 6. e4 b4 7. Nb5 d6 8. Bf4 g5 9. Bxg5 Nxe4 10. Bf4 Ra6 11. Bc4 Bg7 12. Qe2 Nf6 13. h3 0-0 14. Rd1 Re8 15. Kf1 Nbd7 16. Nd4 Qb6 17. Nf5 Bb7 18. g4 Raa8 19. g5 Nxd5 20. Rxd5 Bxd5 21. Bxd5 Rad8 22. Qh5 e6 23. Nxd6 Ne5 24. Bxe5 Rxd6 25. Bxg7 exd5 26. Bf6 Qa6+ 27. Kg2 Qd3 28. Nf3 Qg6 29. Qh4 Rxf6 30. Rd1 Rd6 31. Qg3 Rdd8 32. h4 Qc2 33. Rh1 Re2 34. h5 Qe4 35. Rh4 Qe6 36. Rf4 Qd6 37. Qg4 Re4 38. Rxe4 dxe4 39. Qxe4 Qe6 40. Qf4 Rd6 41. Nh4 Qd5+ 42. Kg1 Qd1+ 43. Kg2 Qd5+ 44. Kg1 Qd4 1/2-1/2

[Event "Mittelrhein Verbandsliga Ost 1314"]
[Site "Mittelrhein"]
[Date "2013.10.13"]
[Round "2.3"]
[White "Geismann, Bernhard"]
[Black "Schniggenberg, Gerd"]
[Result "0-1"]
[WhiteElo "1976"]
[BlackElo "1957"]
[PlyCount "121"]
[EventDate "2013.09.15"]
[EventType "team-tourn"]
[EventRounds "11"]
[EventCountry "GER"]
[SourceTitle "EXT 2023"]
[Source "ChessBase"]
[SourceDate "2022.10.05"]
[SourceVersion "1"]
[SourceVersionDate "2022.10.05"]
[SourceQuality "1"]
[WhiteTeam "Bonn Empor Maulwurf"]
[BlackTeam "Godesberg IV"]
[WhiteTeamCountry "GER"]
[BlackTeamCountry "GER"]

1. e4 e6 2. d3 d5 3. Nd2 c5 4. Ngf3 Nc6 5. g3 Nf6 6. Bg2 dxe4 7. dxe4 e5 8. 0-0 Be7 9. b3 0-0 10. Bb2 Qc7 11. Nc4 Rd8 12. Qe2 Bg4 13. h3 Bxf3 14. Bxf3 Nd4 15. Bxd4 cxd4 16. a4 Ne8 17. Bg2 f6 18. f4 Nd6 19. Nb2 Rac8 20. Rf2 Nf7 21. Nd3 Bd6 22. h4 Qe7 23. Bh3 Rc7 24. Raf1 Re8 25. f5 Rec8 26. Qd1 Qe8 27. Bg4 Nd8 28. Qd2 Qf8 29. Bd1 Nc6 30. g4 Nb4 31. Rg2 Nxd3 32. cxd3 Ba3 33. Qa2 Bc1 34. b4+ Kh8 35. Bb3 Qxb4 36. Bc4 Be3+ 37. Kh2 Qe7 38. Rb1 b6 39. Be6 Bf4+ 40. Kh3 Rc3 41. Rb3 Rc1 42. Bxc8 Rh1+ 43. Rh2 Rxh2+ 44. Qxh2 Bxh2 45. Kxh2 Qc5 46. Be6 Qc2+ 47. Kh3 Qe2 48. Bc4 Qf3+ 49. Kh2 Qxg4 50. Rb5 Qxh4+ 51. Kg2 Qg4+ 52. Kh1 g6 53. a5 gxf5 54. exf5 Qxf5 55. axb6 axb6 56. Rxb6 e4 57. Rb8+ Kg7 58. Rb7+ Kh6 59. Rb3 e3 60. Rb2 Qf1+ 61. Kh2 0-1

[Event "AUT-chT2O 1112"]
[Site "Austria"]
[Date "2012.04.28"]
[Round "10.1"]
[White "Zilka, Stepan"]
[Black "Geismann, Bernhard"]
[Result "1-0"]
[WhiteElo "2517"]
[BlackElo "2125"]
[PlyCount "51"]
[EventDate "2011.10.15"]
[EventType "team-tourn"]
[EventRounds "11"]
[EventCountry "AUT"]
[SourceTitle "EXT 2013"]
[Source "ChessBase"]
[SourceDate "2012.11.22"]
[SourceVersion "1"]
[SourceVersionDate "2012.11.22"]
[SourceQuality "1"]
[WhiteTeam "Nickelsdorf"]
[BlackTeam "Baden Invest"]
[WhiteTeamCountry "AUT"]
[BlackTeamCountry "AUT"]

1. d4 Nf6 2. c4 c5 3. d5 b5 4. cxb5 a6 5. bxa6 g6 6. Nc3 Bxa6 7. e4 Bxf1 8. Kxf1 d6 9. Nf3 Bg7 10. h3 0-0 11. Kg1 Na6 12. Kh2 Nd7 13. Re1 Nb6 14. Re2 Qd7 15. Bf4 c4 16. e5 Nc5 17. Be3 Nba4 18. Bd4 Nxc3 19. bxc3 Nd3 20. e6 Qb7 21. Bxg7 Kxg7 22. exf7 h6 23. Nd4 Rxf7 24. Rb1 Qxd5 25. Rb5 Nc5 26. Rxc5 1-0

[Event "AUT-chT2O 1112"]
[Site "Austria"]
[Date "2011.11.06"]
[Round "4.3"]
[White "Geismann, Bernhard"]
[Black "Petran, Peter"]
[Result "0-1"]
[WhiteElo "2125"]
[BlackElo "2297"]
[PlyCount "89"]
[EventDate "2011.10.15"]
[EventType "team-tourn"]
[EventRounds "11"]
[EventCountry "AUT"]
[SourceTitle "EXT 2013"]
[Source "ChessBase"]
[SourceDate "2012.11.22"]
[SourceVersion "1"]
[SourceVersionDate "2012.11.22"]
[SourceQuality "1"]
[WhiteTeam "Baden Invest"]
[BlackTeam "Mattersburg"]
[WhiteTeamCountry "AUT"]
[BlackTeamCountry "AUT"]

1. d4 g6 2. e4 Bg7 3. Nc3 c6 4. f4 d5 5. e5 Nh6 6. Nf3 Bg4 7. Be3 f6 8. Be2 0-0 9. Qd2 Nd7 10. Ng5 Bf5 11. Nf3 Be4 12. Nxe4 dxe4 13. Nh4 f5 14. h3 e6 15. g3 b5 16. a4 a6 17. a5 Kh8 18. Ng2 Ng8 19. g4 Ne7 20. g5 Kg8 21. h4 Nd5 22. b4 Qe7 23. c3 Rfd8 24. h5 gxh5 25. Bxh5 Nf8 26. 0-0-0 c5 27. bxc5 Qc7 28. Kb2 Qxa5 29. Ra1 Qc7 30. Nh4 a5 31. Rhb1 Qd7 32. Ng2 Ng6 33. Kc1 Bf8 34. Be2 b4 35. cxb4 axb4 36. Rxa8 Rxa8 37. Bc4 Nge7 38. Qb2 Ra3 39. Bb3 Qb5 40. Bd2 Qf1+ 41. Ne1 Kg7 42. Kd1 Ra7 43. Qc1 Qf2 44. Bxd5 Nxd5 45. Bxb4 0-1

[Event "AUT-chT2O 1112"]
[Site "Austria"]
[Date "2011.10.16"]
[Round "2.2"]
[White "Mihok, Oliver"]
[Black "Geismann, Bernhard"]
[Result "1-0"]
[WhiteElo "2445"]
[BlackElo "2125"]
[PlyCount "65"]
[EventDate "2011.10.15"]
[EventType "team-tourn"]
[EventRounds "11"]
[EventCountry "AUT"]
[SourceTitle "EXT 2013"]
[Source "ChessBase"]
[SourceDate "2012.11.22"]
[SourceVersion "1"]
[SourceVersionDate "2012.11.22"]
[SourceQuality "1"]
[WhiteTeam "Wien Husek"]
[BlackTeam "Baden Invest"]
[WhiteTeamCountry "AUT"]
[BlackTeamCountry "AUT"]

1. e4 e5 2. Nf3 Nc6 3. Bb5 a6 4. Ba4 Nf6 5. 0-0 Nxe4 6. d4 b5 7. Bb3 d5 8. dxe5 Be6 9. c3 Bc5 10. Qd3 0-0 11. Nbd2 Nxd2 12. Bxd2 Qd7 13. Rad1 Na5 14. Bc2 g6 15. Bh6 Nc4 16. b4 Be7 17. Bxf8 Bxf8 18. Qe2 Bg7 19. Bb3 Nb6 20. Nd4 c6 21. h3 Re8 22. Rde1 Qc8 23. f4 c5 24. bxc5 Qxc5 25. Qe3 Nc4 26. Bxc4 Qxc4 27. g4 Bd7 28. Rf2 b4 29. cxb4 Qxb4 30. Qd2 Qb6 31. Qb2 Qa7 32. Kg2 g5 33. Nf5 1-0

[Event "EU-Cup 27th"]
[Site "Rogaska Slatina"]
[Date "2011.10.01"]
[Round "7"]
[White "Geismann, Bernhard"]
[Black "Arat, Umut Baris"]
[Result "0-1"]
[WhiteElo "2125"]
[BlackElo "1883"]
[PlyCount "66"]
[EventDate "2011.09.25"]
[EventType "team-swiss"]
[EventRounds "7"]
[EventCountry "SLO"]
[SourceTitle "CBM 145"]
[Source "ChessBase"]
[SourceDate "2011.11.11"]
[SourceVersion "1"]
[SourceVersionDate "2011.11.11"]
[SourceQuality "1"]
[WhiteTeam "Baden Invest"]
[BlackTeam "Yapo Kredi"]
[WhiteTeamCountry "AUT"]
[BlackTeamCountry "TUR"]

1. e4 c5 2. Nc3 Nc6 3. Bb5 Nd4 4. Bc4 g6 5. Nf3 Bg7 6. Nxd4 cxd4 7. Qf3 e6 8. Nb5 d6 9. Qa3 Be5 10. 0-0 g5 11. d3 a6 12. Bxg5 Qxg5 13. Nc7+ Ke7 14. Nxa8 Nf6 15. g3 Nh5 16. Qa5 Qg4 17. Qc7+ Bd7 18. Nb6 Rd8 19. Rad1 Qh3 20. Rd2 Bf4 21. Re2 Be5 22. Nxd7 Rxd7 23. Qa5 Nf4 24. gxf4 Qg4+ 25. Kh1 Qxe2 26. Rg1 Bxf4 27. Qe1 Qf3+ 28. Rg2 h5 29. Kg1 h4 30. h3 Rc7 31. Bb3 Rc5 32. Qf1 Qxh3 33. f3 Be3+ 0-1

[Event "EU-Cup 27th"]
[Site "Rogaska Slatina"]
[Date "2011.09.28"]
[Round "4"]
[White "Geismann, Bernhard"]
[Black "Horspool, Philip"]
[Result "1/2-1/2"]
[WhiteElo "2125"]
[BlackElo "2079"]
[PlyCount "26"]
[EventDate "2011.09.25"]
[EventType "team-swiss"]
[EventRounds "7"]
[EventCountry "SLO"]
[SourceTitle "CBM 145"]
[Source "ChessBase"]
[SourceDate "2011.11.11"]
[SourceVersion "1"]
[SourceVersionDate "2011.11.11"]
[SourceQuality "1"]
[WhiteTeam "Baden Invest"]
[BlackTeam "e2e4.org.uk"]
[WhiteTeamCountry "AUT"]
[BlackTeamCountry "ENG"]

1. d4 Nf6 2. c4 c5 3. e3 g6 4. Nf3 Bg7 5. Nc3 0-0 6. Be2 d5 7. 0-0 dxc4 8. Bxc4 Nbd7 9. Qb3 cxd4 10. Nxd4 Nc5 11. Qa3 Nce4 12. Be2 Nxc3 13. bxc3 Qc7 1/2-1/2

[Event "AUT-chT2O 0910"]
[Site "Austria"]
[Date "2010.04.18"]
[Round "11.5"]
[White "Loidl, Florian"]
[Black "Geismann, Bernhard"]
[Result "1-0"]
[WhiteElo "2239"]
[BlackElo "2108"]
[PlyCount "47"]
[EventDate "2009.10.17"]
[EventType "team-tourn"]
[EventRounds "11"]
[EventCountry "AUT"]
[SourceTitle "EXT 2011"]
[Source "ChessBase"]
[SourceDate "2010.11.26"]
[SourceVersion "1"]
[SourceVersionDate "2010.11.26"]
[SourceQuality "1"]
[WhiteTeam "Poechlarn"]
[BlackTeam "Baden Invest II"]
[WhiteTeamCountry "AUT"]
[BlackTeamCountry "AUT"]

1. e4 e5 2. Nf3 Nc6 3. Bb5 a6 4. Ba4 Nf6 5. 0-0 Be7 6. Re1 b5 7. Bb3 0-0 8. c3 d6 9. h3 Na5 10. Bc2 d5 11. exd5 e4 12. Ng5 Nxd5 13. Nxe4 f5 14. Ng3 f4 15. Ne4 f3 16. d3 fxg2 17. b4 Nb7 18. a4 Bh4 19. Bb3 Kh8 20. Qh5 Rf5 21. Ng5 Bxf2+ 22. Kxg2 Rxg5+ 23. Bxg5 Bxh3+ 24. Kxf2 1-0

[Event "Niederoesterreich Landesliga 0910"]
[Site "Austria"]
[Date "2010.01.24"]
[Round "8"]
[White "Schmid, Thomas2222"]
[Black "Geismann, Bernhard"]
[Result "1-0"]
[WhiteElo "2196"]
[BlackElo "2055"]
[PlyCount "109"]
[EventDate "2009.09.06"]
[EventType "team-tourn"]
[EventRounds "11"]
[EventCountry "AUT"]
[SourceTitle "EXT 2022"]
[Source "ChessBase"]
[SourceDate "2021.10.06"]
[SourceVersion "1"]
[SourceVersionDate "2021.10.06"]
[SourceQuality "1"]

1. e4 e5 2. Nf3 Nc6 3. Bb5 a6 4. Ba4 Nf6 5. 0-0 Be7 6. Re1 b5 7. Bb3 0-0 8. h3 Bb7 9. d3 d5 10. exd5 Nxd5 11. Nxe5 Nd4 12. Nd2 Re8 13. Ndf3 Nxb3 14. axb3 Bd6 15. d4 f6 16. Nd3 Qd7 17. Bd2 Qf5 18. Nh4 Qd7 19. Qg4 Qxg4 20. hxg4 Ne7 21. c4 Nc6 22. Nf5 g6 23. Nxd6 cxd6 24. Bc3 Kf7 25. f3 Rxe1+ 26. Rxe1 Re8 27. Rd1 h6 28. Kf2 g5 29. Rh1 Kg7 30. Ra1 Kf7 31. Rh1 Kg7 32. Re1 Rxe1 33. Kxe1 Kg6 34. Kf2 Bc8 35. d5 Nd8 36. Ke3 f5 37. gxf5+ Bxf5 38. g4 Bxd3 39. Kxd3 Nb7 40. b4 h5 41. gxh5+ Kxh5 42. Kd4 bxc4 43. Kxc4 Kh4 44. Bf6 Kg3 45. Bxg5 Kxf3 46. b5 a5 47. b3 Ke4 48. Be7 Ke5 49. Bh4 Ke4 50. b6 Nc5 51. Bg3 a4 52. bxa4 Nxa4 53. b7 Nb6+ 54. Kb5 Nd7 55. Kc6 1-0

[Event "Niederoesterreich Landesliga 0910"]
[Site "Austria"]
[Date "2010.01.10"]
[Round "7"]
[White "Poetz, Florian"]
[Black "Geismann, Bernhard"]
[Result "1-0"]
[WhiteElo "2333"]
[BlackElo "2055"]
[PlyCount "81"]
[EventDate "2009.09.06"]
[EventType "team-tourn"]
[EventRounds "11"]
[EventCountry "AUT"]
[SourceTitle "EXT 2022"]
[Source "ChessBase"]
[SourceDate "2021.10.06"]
[SourceVersion "1"]
[SourceVersionDate "2021.10.06"]
[SourceQuality "1"]

1. e4 e5 2. Nf3 Nc6 3. Bb5 a6 4. Ba4 Nf6 5. 0-0 Be7 6. Re1 b5 7. Bb3 d6 8. c3 0-0 9. h3 Na5 10. Bc2 c5 11. d4 Qc7 12. Nbd2 Nc6 13. d5 Nd8 14. a4 Rb8 15. axb5 axb5 16. b4 Bd7 17. Nf1 Ne8 18. Be3 f6 19. Qe2 Nf7 20. Ra5 g6 21. Rea1 Ng7 22. bxc5 dxc5 23. c4 b4 24. N1d2 Nd8 25. Nb3 Nb7 26. Ra7 Rfc8 27. Ne1 Qd8 28. Nd3 Bb5 29. cxb5 c4 30. Nb2 cxb3 31. Bxb3 Bc5 32. Bxc5 Rxc5 33. Na4 Rcc8 34. Qe3 Nd6 35. b6 Rb7 36. Nc5 Rxc5 37. Qxc5 Nxe4 38. d6+ Kh8 39. Qd5 Nxf2 40. Qxb7 Nxh3+ 41. gxh3 1-0

[Event "Vienna op 16th"]
[Site "Vienna"]
[Date "2009.08.19"]
[Round "5"]
[White "Aschenbrenner, Robert"]
[Black "Geismann, Bernhard"]
[Result "1-0"]
[WhiteElo "2224"]
[BlackElo "2124"]
[PlyCount "37"]
[EventDate "2009.08.15"]
[EventType "swiss"]
[EventRounds "9"]
[EventCountry "AUT"]
[SourceTitle "CBM 131 Extra"]
[Source "ChessBase"]
[SourceDate "2009.09.03"]
[SourceVersion "2"]
[SourceVersionDate "2009.09.16"]
[SourceQuality "1"]

1. d4 d5 2. Nf3 Nc6 3. Bf4 Bg4 4. e3 e6 5. c4 Nf6 6. Nc3 Bb4 7. Rc1 Bxc3+ 8. bxc3 Bxf3 9. Qxf3 Ne4 10. Bd3 f5 11. Qh5+ g6 12. Qe2 Qe7 13. cxd5 exd5 14. 0-0 0-0-0 15. f3 g5 16. fxe4 fxe4 17. Qg4+ Qd7 18. Qxd7+ Rxd7 19. Be2 1-0

[Event "AUT-chT2O 0809"]
[Site "Austria"]
[Date "2008.11.23"]
[Round "5.5"]
[White "Geismann, Bernhard"]
[Black "Ponjican, Erich"]
[Result "1/2-1/2"]
[WhiteElo "2131"]
[BlackElo "2175"]
[PlyCount "86"]
[EventDate "2008.10.03"]
[EventType "team-tourn"]
[EventRounds "11"]
[EventCountry "AUT"]
[SourceTitle "CBM 127 Extra"]
[Source "ChessBase"]
[SourceDate "2009.01.08"]
[SourceVersion "2"]
[SourceVersionDate "2009.01.28"]
[SourceQuality "1"]
[WhiteTeam "Baden II"]
[BlackTeam "Tschaturanga"]
[WhiteTeamCountry "AUT"]
[BlackTeamCountry "AUT"]

1. e4 Nf6 2. Nc3 d5 3. e5 Nfd7 4. Nxd5 Nxe5 5. Ne3 c5 6. Nf3 Nbc6 7. Nxe5 Nxe5 8. b3 g6 9. Bb2 Bg7 10. Nc4 Qc7 11. Qe2 Nxc4 12. Bxg7 Rg8 13. Bc3 Na3 14. Qe4 Bd7 15. Bd3 0-0-0 16. Qh4 Bf5 17. Bxf5+ gxf5 18. 0-0-0 Nb5 19. g3 e6 20. Bf6 Rd7 21. Qxh7 Re8 22. a4 Nd4 23. Qg7 Qb6 24. h4 c4 25. Bxd4 Rxd4 26. c3 Rd7 27. b4 Qxf2 28. h5 Red8 29. Qg5 Rd3 30. h6 Qxg3 31. Qxg3 Rxg3 32. h7 Rh8 33. Rh4 Rg4 34. Rdh1 Kd7 35. Kd1 Ke7 36. Ke2 Kf6 37. Kf3 Kg5 38. Rh5+ Kg6 39. Rh6+ Kg7 40. R6h5 Kf6 41. Rh6+ Ke5 42. R6h5 Kd5 43. R1h2 a6 1/2-1/2

[Event "AUT-chT2O 0708"]
[Site "Austria"]
[Date "2008.03.15"]
[Round "10.2"]
[White "Geismann, Bernhard"]
[Black "Lipp, Alfred"]
[Result "1-0"]
[WhiteElo "2099"]
[BlackElo "2144"]
[PlyCount "61"]
[EventDate "2007.10.20"]
[EventType "team"]
[EventRounds "11"]
[EventCountry "AUT"]
[SourceTitle "EXT 2009"]
[Source "ChessBase"]
[SourceDate "2008.11.26"]
[SourceVersion "1"]
[SourceVersionDate "2008.11.26"]
[SourceQuality "1"]
[WhiteTeam "Baden"]
[BlackTeam "Zwettl"]
[WhiteTeamCountry "AUT"]
[BlackTeamCountry "AUT"]

1. Nc3 c5 2. Nf3 Nc6 3. d4 cxd4 4. Nxd4 g6 5. Bg5 Bg7 6. Ndb5 Nf6 7. Nd5 Nxd5 8. Nd6+ Kf8 9. Qxd5 Qa5+ 10. Qxa5 Nxa5 11. Nxc8 Rxc8 12. 0-0-0 d6 13. Kb1 a6 14. e4 h6 15. Bc1 Kg8 16. f4 Kh7 17. g4 Rc7 18. h4 Rhc8 19. Bd3 Nc6 20. c3 b5 21. h5 b4 22. c4 b3 23. axb3 Rb8 24. c5 dxc5 25. Bc4 e6 26. hxg6+ Kxg6 27. f5+ Kh7 28. Bf4 e5 29. Bxh6 Nd4 30. g5 Rb6 31. f6 1-0

[Event "AUT-chT2O 9899"]
[Site "Austria"]
[Date "1999.??.??"]
[Round "8"]
[White "Stummer, Walter"]
[Black "Geismann, Bernhard"]
[Result "0-1"]
[WhiteElo "2020"]
[BlackElo "2035"]
[PlyCount "132"]
[EventDate "1998.10.??"]
[EventType "team"]
[EventRounds "11"]
[EventCountry "AUT"]
[SourceTitle "EXT 2000"]
[Source "ChessBase"]
[SourceDate "1999.11.16"]
[SourceVersion "1"]
[SourceVersionDate "1999.11.16"]
[SourceQuality "1"]

1. e4 d6 2. d4 Nf6 3. Nc3 g6 4. h3 c5 5. Nf3 Nc6 6. Be3 Qa5 7. Qd2 cxd4 8. Nxd4 Bd7 9. Nb3 Qc7 10. Nd5 Nxd5 11. exd5 Ne5 12. f4 Nc4 13. Qc3 Rc8 14. Bxc4 Qxc4 15. Qxh8 Qe4 16. Qd4 Qxg2 17. Rg1 Qf3 18. Nd2 Qh5 19. Rg5 Qh6 20. 0-0-0 Bg7 21. Qxa7 Qxh3 22. Nb3 Bf5 23. Na1 Qh2 24. Bd2 Qe2 25. Qxb7 Qc4 26. Qb3 Qc7 27. Qa4+ Kf8 28. Rg3 Qb7 29. Qb3 Qa8 30. Bc3 Bh6 31. Bd2 Rb8 32. Qa3 Qxd5 33. Qc3 e5 34. fxe5 Bg7 35. Bg5 Qxa2 36. Qa3 Qxa3 37. Rxa3 Bxe5 38. Bh6+ Ke7 39. Nb3 Kf6 40. Be3 Rc8 41. c3 Bxc3 42. bxc3 Rxc3+ 43. Kb2 Rxe3 44. Rxd6+ Ke5 45. Rd8 Be6 46. Ra5+ Kf4 47. Nc5 h5 48. Rd4+ Kf3 49. Nd3 Bf5 50. Ne5+ Kg3 51. Nxf7 h4 52. Nd6 Rf3 53. Nxf5+ Rxf5 54. Ra3+ Rf3 55. Ra6 h3 56. Rxg6+ Kf2 57. Rd2+ Kf1 58. Rd1+ Kf2 59. Rd2+ Kf1 60. Rh6 Rg3 61. Kc1 Kg1 62. Kd1 Rf3 63. Rg6+ Kh1 64. Ke1 h2 65. Rgg2 Rf1+ 66. Ke2 Kxg2 0-1